00932nam a2200229 a 4500001001000000003000500010005001700015008004100032010001100073011001100084040000900095100004000104245017500144260004100319500006000360502008200420650001900502650002200521650004700543650004200590856007000632000111363CHAP20220329144208.0150330s2014 mx |sm |||||||spa d a107825 a108797 cCHAP1 aHernández Velázquez Luis Miguel10aEfecto de temperatura corporal al momento de inseminación y color de vacas holstein en porcentaje de gestaciónh[En línea]cpor Luis Miguel Hernández Velázquez. aBermejillo, Dgo. :bEl autor,c2014. aPara ver el contenido del material haga clic en la liga aTesis (Ing. en Sistemas Pecuarios) -- UACH. Unidad Regional de Zonas Áridas14aCiclo estrual.14aEstrés termico.14aGanado vacunoxInsemincación artificial.14aTemperaturaxEfecto en ganado vacuno. aFinding aiduhttp://10.13.5.2/tesis/sist111363.pdfzTeclea aquí